000 00673nam a2200193Ia 4500
005 20250527121928.0
008 231207s9999 xx 000 0 und d
020 _a9781560798552
040 _cPK-LaNCA
082 _a378.1056
_bSTE
100 _aStelzer, Richard J.
245 0 _aHow to write a winning personal statement for graduate and professional School
_cRichard J. Stelzer
250 _a3rd edition
260 _bPeterson's
_aPrinceton
_c1997
300 _avii, 144p
546 _aEnglish
650 _aCollege applications--United States, University and college--Graduate work--Admission, Professional education--United States--Admission
942 _cM.PHIL.
999 _c10394
_d10394